00643nam a2200157Ia 4500008004100000100002400041245015900065245004200224260005900266260000900325650001800334650001500352856002600367999001900393952007300412170221s9999 xx 000 0 und d aMesfin Awoke Bekalu 4aThe Magnitude of HIV/AIDS Problem vis-à-vis the Number and Nature of Studies on Mass Media Prevention Efforts across the Globe – a Descriptive Review  cMesfin Awoke Bekalu, Steven Eggermont bOnline Journal of Communication and Media Technologies c2016 xCommunication xMedia Arts uhttp://www.ojcmt.net/ c309181d309181 001040aCLbCLd2017-02-21l0r2017-02-21 00:00:00w2017-02-21yFOJ